| 000 | 00808cam a2200301 4500 | ||
|---|---|---|---|
| 001 | 5943 | ||
| 003 | BD-RjUL | ||
| 005 | 20211208234146.0 | ||
| 008 | 14 t1969 enk b 001 0 eng | ||
| 020 | _a0333103580 | ||
| 035 | _aMITb10502303 | ||
| 035 | _a(OCoLC)00062868 | ||
| 035 | _a(BD-RjUL)5982 | ||
| 040 |
_aDLC _cDLC _dm.c. _dRCD _dBD-RjUL _beng |
||
| 041 | _aeng | ||
| 082 | 0 | 4 |
_216 _a354.42 _bBRI 1969 |
| 090 |
_aJN405 _b.K52 |
||
| 099 | _aJN405.K52 | ||
| 245 | 1 | 4 |
_aThe British Prime Minister : _ba reader / _cedited by Anthony King. |
| 260 |
_aLondon : _bMacmillan, _c1969. |
||
| 300 |
_axv, 221 p. ; _c23 cm. |
||
| 504 | _aIncludes index. | ||
| 650 | 0 |
_aPrime ministers _zGreat Britain. _918665 |
|
| 700 | 1 |
_aKing, Anthony _918679 |
|
| 942 |
_2ddc _cBK |
||
| 949 | _aMYGD | ||
| 999 |
_c5943 _d5943 |
||